Sinónimos y antónimos : el juego para pensar y divertirse [juego].

Guardado en:
Formato: Objeto Físico
Publicado: Buenos Aires : Implás, 2011
Materias:
Etiquetas: Agregar Etiqueta
Sin Etiquetas, Sea el primero en etiquetar este registro!
LEADER 00530nrm a22001335a 4500
001 CEM.cems017562
008 130507s2011##################0###0#####d
005 20230912093244.0
245 0 0 |a Sinónimos y antónimos :  |b el juego para pensar y divertirse [juego]. 
260 |a Buenos Aires :  |b Implás,  |c 2011 
500 |a A partir de los 10 añosparticipantes de 2 a 6 jugadores1 tablero, 240 cartas, 6 peones plásticos y 6 fichas plásticas 
082 0 4 |a A4 
653 |a Juegos para pensar 
859 |a CEMS  |b BIB. CEMS - Agricultura  |h A4  |i 1-1  |p A0029.99  |t Ej.1